Teoria e prática da pesquisa em jurisprudência : (Record no. 244)

MARC details
000 -LÍDER
Campo Fixo de Controle 00958cam a2200265 a 4500
001 - NÚMERO DE CONTROLE
Campo de Controle 244
003 - IDENTIFICAÇÃO DO NÚMERO DE CONTROLE
Campo de Controle BR-CuiBMT
005 - DATA E HORA DA ÚLTIMA ATUALIZAÇÃO
Campo de Controle 20231109015419.0
008 - DADOS FIXOS
Dados Fixos 230906s2016 mgba 001 0 por d
020 ## - INTERNATIONAL STANDARD BOOK NUMBER
Nº do ISBN 9788545001447
040 ## - AGÊNCIA CATALOGADORA
Código da Agência Catalogadora BR-CuiBMT
Agência que transcreveu o registro BR-CuiBMT
080 ## - Nº DA CLASSIFICAÇÃO DECIMAL UNIVERSAL
Nº edição CDU 2007
Nº Class. CDU 001.81:34
090 ## - NÚMERO DE CHAMADA
Nº classificação 001.81:34
Cutter B277t
100 1# - ENTRADA PRINCIPAL -- AUTOR PESSOAL
Nome pessoal Barros, Lucivaldo Vasconcelos,
Datas associadas ao nome 1963-
245 10 - TÍTULO PRINCIPAL
Título principal Teoria e prática da pesquisa em jurisprudência :
Subtítulo da procura e uso da informação para sustentar teses e estudos jurídicos /
Indicação de responsabilidade Lucivaldo Vasconcelos Barros.
260 ## - PUBLICAÇÃO, DISTRIBUIÇÃO, ETC.
Local de publicação Belo Horizonte :
Editora Fórum,
Data 2016.
300 ## - DESCRIÇÃO FÍSICA
N. páginas ou volumes 255 p. :
Ilustrações il. ;
Dimensões 22 cm
504 ## - NOTA DE BIBLIOGRAFIA, ETC.
Nota de bibliografia Inclui bibliografia e índice.
590 ## - NOTA LOCAL
Nota local A biblioteca possui a 1. reimpr. 2016.
650 ## - ASSUNTO TÓPICO
Cabeçalho tópico ou nome geográfico Metodologia
Subdivisão geral Pesquisa jurídica
650 ## - ASSUNTO TÓPICO
Cabeçalho tópico ou nome geográfico Fontes de informação jurídica
Subdivisão geral Jurisprudência
650 ## - ASSUNTO TÓPICO
Cabeçalho tópico ou nome geográfico Ciência da informação
Subdivisão geral Pesquisa jurídica
650 ## - ASSUNTO TÓPICO
Cabeçalho tópico ou nome geográfico Direito processual
942 ## - ELEMENTOS DE ENTRADA ADICIONAIS (KOHA)
Fonte de classificação ou esquema de arquivamento Classificação Decimal Universal
Tipo de item do Koha Livros
Holdings
Estado: removido Estado: perdido Fonte de classificação ou esquema de arquivamento Estado: danificado Indisponível para empréstimo Localização permanente Localização atual Data de aquisição Total Checkouts Número de Chamada completo Código de barras Date last seen Número do exemplar Preço efetivo a partir de Tipo de item (Koha)
    Classificação Decimal Universal     Biblioteca da Escola Superior de Contas do TCE/MT Biblioteca da Escola Superior de Contas do TCE/MT 28/06/2023   001.81:34 B277t BIBTCEMT23090027 06/09/2023 Ex. 1 06/09/2023 Livros
    Classificação Decimal Universal     Biblioteca da Escola Superior de Contas do TCE/MT Biblioteca da Escola Superior de Contas do TCE/MT 16/10/2023   001.81:34 B277t BIBTCEMT23100019 16/10/2023 Ex. 2 16/10/2023 Livros
    Classificação Decimal Universal     Biblioteca da Escola Superior de Contas do TCE/MT Biblioteca da Escola Superior de Contas do TCE/MT 16/10/2023   001.81:34 B277t BIBTCEMT23100020 16/10/2023 Ex. 3 16/10/2023 Livros

Powered by Koha